LEADER 00937nam a2200241 i 4500 001 991001960359707536 005 20020503155340.0 008 001103s1972 uk ||| | eng 035 $ab10296840-39ule_inst 035 $aEXGIL94307$9ExL 040 $aBiblioteca Interfacoltà$bita 082 0 $a813.03 100 1 $aOlderman, Raymond M.$0466213 245 10$aBeyond the waste land :$ba study of the American novel in the nineteen-sixties /$cby Raymond M. Olderman 260 $aLondon ; New Haven :$bYale University Press,$c1972 300 $aXI, 258 p. ;$c22 cm. 650 4$aLetteratura narrativa americana$ySec. 20. 907 $a.b10296840$b02-04-14$c27-06-02 912 $a991001960359707536 945 $aLE002 In. III B 12$g1$i2002000921536$lle002$o-$pE0.00$q-$rl$s- $t0$u0$v0$w0$x0$y.i10350159$z27-06-02 996 $aBeyond the waste land$9209153 997 $aUNISALENTO 998 $ale002$b01-01-00$cm$da $e-$feng$guk $h0$i1 LEADER 01070nam a2200289 i 4500 001 991000773529707536 005 20020507173416.0 008 970310s1996 ne ||| | eng 020 $a0792340159 035 $ab10755299-39ule_inst 035 $aLE01302102$9ExL 040 $aDip.to Matematica$beng 082 0 $a519.8 084 $aAMS 05B 084 $aAMS 94C30 100 1 $aWallis, Walter Denis$0482200 245 10$aComputational and constructive design theory /$cedited by W. D. Wallis 260 $aDordrecht ; Boston ; London :$bKluwer Academic Publishers,$cc1996 300 $axiv, 357 p. ;$c25 cm. 490 0 $aMathematics and its applications ;$v368 650 4$aCombinatorial designs and configurations 907 $a.b10755299$b23-02-17$c28-06-02 912 $a991000773529707536 945 $aLE013 94C WAL11 (1996)$g1$i2013000079950$lle013$o-$pE0.00$q-$rl$s- $t0$u0$v0$w0$x0$y.i10849518$z28-06-02 996 $aComputational and constructive design theory$9911299 997 $aUNISALENTO 998 $ale013$b01-01-97$cm$da $e-$feng$gne $h0$i1 LEADER 04089nam 22006495 450 001 9910255030903321 005 20250903172635.0 010 $a3-319-54127-7 024 7 $a10.1007/978-3-319-54127-3 035 $a(PPN)287460614 035 $a(CKB)3710000001127314 035 $a(DE-He213)978-3-319-54127-3 035 $a(MiAaPQ)EBC4829426 035 $a(EXLCZ)993710000001127314 100 $a20170323d2017 u| 0 101 0 $aeng 135 $aurnn#008mamaa 181 $ctxt$2rdacontent 182 $cc$2rdamedia 183 $acr$2rdacarrier 200 10$aColonial Theories of Institutional Development $eToward a Model of Styles of Imperialism /$fby Daniel Oto-Peralías, Diego Romero-Ávila 205 $a1st ed. 2017. 210 1$aCham :$cSpringer International Publishing :$cImprint: Springer,$d2017. 215 $a1 online resource (X, 146 p. 27 illus.) 225 1 $aContributions to Economics,$x1431-1933 311 08$a3-319-54126-9 320 $aIncludes bibliographical references. 327 $aChapter 1: Introduction -- Chapter 2: Views Linking Colonialism with Institutions -- Chapter 3: A Model of Two Styles of Imperialism -- Chapter 4: Empirical Methodology and Baseline Regression Results -- Chapter 5: Sensitivity to Alternative Theories -- Chapter 6: Further Sensitivity Analyses -- Chapter 7: Exploring the Mechanism of Colonial Rule -- Chapter 8: The Legacy of European Colonialism on Relevant Determinants of Institutional Development -- Chapter 9: Conclusions. 330 $aThis book analyzes the role played by initial endowments and colonizer identity in seeking to explain institutional development in former colonies. It presents a model of two styles of imperialism that integrates the colonial origin and endowment views explaining current institutions. The authors argue that Great Britain and Portugal adopted an ?economically-oriented? style, which was pragmatic and sensitive to initial conditions. For this style of imperialism the endowment view is applicable. In contrast, France employed a ?politically-oriented? style of imperialism, in which ideological and political motivations were more present. This led to a uniform colonial policy that largely disregarded initial endowments. In turn, the case of Spain represents a hybrid of the two models. The empirical analysis presented here reveals a remarkable degree of heterogeneity in the relationship of endowments and colonizer identity with current institutions. . 410 0$aContributions to Economics,$x1431-1933 606 $aDevelopment economics 606 $aInternational economic relations 606 $aEurope?Economic conditions 606 $aEvolutionary economics 606 $aEconomic development 606 $aDevelopment Economics$3https://scigraph.springernature.com/ontologies/product-market-codes/W42000 606 $aInternational Economics$3https://scigraph.springernature.com/ontologies/product-market-codes/W33000 606 $aEuropean Economics$3https://scigraph.springernature.com/ontologies/product-market-codes/W45030 606 $aInstitutional/Evolutionary Economics$3https://scigraph.springernature.com/ontologies/product-market-codes/W53010 606 $aDevelopment Studies$3https://scigraph.springernature.com/ontologies/product-market-codes/913000 615 0$aDevelopment economics. 615 0$aInternational economic relations. 615 0$aEurope?Economic conditions. 615 0$aEvolutionary economics. 615 0$aEconomic development. 615 14$aDevelopment Economics. 615 24$aInternational Economics. 615 24$aEuropean Economics. 615 24$aInstitutional/Evolutionary Economics. 615 24$aDevelopment Studies. 676 $a338.9 700 $aOto-Peralias$b Daniel$4aut$4http://id.loc.gov/vocabulary/relators/aut$00 702 $aRomero-A?vila$b Diego$4aut$4http://id.loc.gov/vocabulary/relators/aut 906 $aBOOK 912 $a9910255030903321 996 $aColonial Theories of Institutional Development$92048320 997 $aUNINA